| 000 | 00785cam a2200241 4500 | ||
|---|---|---|---|
| 008 | 000000n2000 000 0 eng u | ||
| 020 | _a0853086184 | ||
| 035 | _a(Sirsi) u103755 | ||
| 050 | _a352.1 | ||
| 100 | _aDobson, Nicholas | ||
| 245 | _aBest value law and management | ||
| 260 |
_Bristol _bJordan Publishing Ltd _c2000 |
||
| 300 | _axxxviii,410p. 25cm. | ||
| 350 | _a45.00 | ||
| 520 | _aA practical guide explaining the background and implications of best value and including all relevant regulations and guidance. The law is stated as understood on 24 April 2000. | ||
| 650 | _aLOCAL GOVERNMENT ACT 1999 | ||
| 650 | _aBEST VALUE | ||
| 650 | _aLOCAL AUTHORITIES | ||
| 650 | _aProcurement-old | ||
| 650 | _aSERVICES | ||
| 690 | _aLOCAL GOVERNMENT | ||
| 942 | _n0 | ||
| 999 |
_c100156 _d100156 |
||